| 000 -LEADER |
| fixed length control field |
00718nam a2200217Ia 4500 |
| 001 - CONTROL NUMBER |
| control field |
23583 |
| 003 - CONTROL NUMBER IDENTIFIER |
| control field |
GE_BSU |
| 005 - DATE AND TIME OF LATEST TRANSACTION |
| control field |
20221111163039.0 |
| 008 - FIXED-LENGTH DATA ELEMENTS--GENERAL INFORMATION |
| fixed length control field |
181216s2014||||en |||||||||||||| ||eng|| |
| 020 ## - INTERNATIONAL STANDARD BOOK NUMBER |
| International Standard Book Number |
9780823086047x |
| 040 ## - CATALOGING SOURCE |
| Transcribing agency |
GE_BSU |
| 041 ## - LANGUAGE CODE |
| Language code of text/sound track or separate title |
eng |
| 080 ## - UNIVERSAL DECIMAL CLASSIFICATION NUMBER |
| Universal Decimal Classification number |
743.84 A-47 |
| 100 ## - MAIN ENTRY--PERSONAL NAME |
| Personal name |
Ames, Lee J. |
| 9 (RLIN) |
4452 |
| 245 ## - TITLE STATEMENT |
| Title |
Draw 50 Buildings and Other Structures: The Step-by-Step Way to Draw Castles and Cathedrals, Skyscrapers and Bridges, and So Much More / |
| Statement of responsibility, etc. |
Lee J, Ames. |
| 264 ## - PRODUCTION, PUBLICATION, DISTRIBUTION, MANUFACTURE, AND COPYRIGHT NOTICE |
| Place of production, publication, distribution, manufacture |
Berkeley : |
| Name of producer, publisher, distributor, manufacturer |
Watson-Guptill Publications, |
| Date of production, publication, distribution, manufacture, or copyright notice |
2014. |
| 300 ## - PHYSICAL DESCRIPTION |
| Extent |
30 p. : |
| Other physical details |
ill; |
| Dimensions |
28 cm. |
| 653 ## - INDEX TERM--UNCONTROLLED |
| keyword |
Рисование и черчение |
| 653 ## - INDEX TERM--UNCONTROLLED |
| keyword |
ხაზვა და ხატვა |
| 942 ## - ADDED ENTRY ELEMENTS (KOHA) |
| Koha item type |
წიგნი |
| Source of classification or shelving scheme |
|